Cambridge certificate of proficiency in English ( Teacher's book )

Na minha lista:
Detalhes bibliográficos
Formato: Livro
Idioma:Undetermined
Publicado em: Cambridge, UK Cambridge Univ. Press 2001
Assuntos:
Tags: Adicionar Tag
Sem tags, seja o primeiro a adicionar uma tag!
Thư viện lưu trữ: Trung tâm Học liệu Trường Đại học Cần Thơ
LEADER 00507nam a2200169Ia 4500
001 CTU_51811
008 210402s9999 xx 000 0 und d
020 |b 170000 
082 |a 428.24 
082 |b C178t/T1 
245 0 |a Cambridge certificate of proficiency in English ( Teacher's book ) 
260 |a Cambridge, UK 
260 |b Cambridge Univ. Press 
260 |c 2001 
650 |a english language 
650 |x textbooks for foreign speakers 
980 |a Trung tâm Học liệu Trường Đại học Cần Thơ